Quiz sur la Vienne - Statistiques

Statistiques générales
  • Ce quiz a été pris 308 fois
  • Le résultat moyen est 14 sur 20
Statistiques - réponses
Question Réponse % Correct
Numéro du département 86
100%
Préfecture Poitiers
98%
Région Nouvelle-Aquitaine
97%
Parc d'attraction connu pour ses attractions sur les thèmes de la science et la technologie. Futuroscope
92%
Départements limitrophes Charente
91%
Deux-Sèvres
89%
Haute-Vienne
85%
Indre
80%
Indre-et-Loire
79%
Sous-préfecture Châtellerault
78%
Gentilé Viennois
78%
Ancienne province française qui recouvre la majorité du territoire. Poitou
77%
Montmorillon
60%
Maine-et-Loire
58%
Avec plus de 24 000 individus appartenant à cette catégorie, la préfecture est la première ville ... de France par rapport à sa population. étudiante
46%
Ancien premier ministre né dans la Vienne. Jean-Pierre Raffarin
39%
La Vallée des singes présente le plus grand groupe au monde de cette espèce de primates. Bonobo
37%
Disciple de Jésus qui donne son nom à l'un des plus vieux monuments chrétiens d'Occident. Jean (Baptistère Saint-Jean)
34%
Nombre d'habitants (arrondi à la dizaine de milliers d'habitants) 440 000 (436 876)
33%
Symbole que l'on retrouve sur le logo du département de la Vienne. Cœur
22%
Aucun quiz correspondant
Distribution des résultats
% des personnes avec chaque résultat
Percentile par nombre de réponses
Votre historique - résultats
Vous n’avez pas pris ce quiz